Countries bordering the Soviet Union - Statistics

General Stats
  • This quiz has been taken 5,583 times
  • The average score is 10 of 12
Answer Stats
Country % Correct
China
98%
Poland
96%
Finland
94%
Mongolia
91%
Romania
89%
Turkey
86%
Iran
85%
North Korea
85%
Afghanistan
82%
Hungary
79%
Norway
78%
Czechoslovakia
67%
No matching quizzes found
Score Distribution
Percent of People with Each Score
Percentile by Number Answered
Your Score History
You have not taken this quiz